| 000 | 00406nam a2200181Ia 4500 | ||
|---|---|---|---|
| 005 | 20240823021114.0 | ||
| 008 | 240823s9999||||xx |||||||||||||| ||und|| | ||
| 041 | _aENGLISH | ||
| 082 | _A050 P7 | ||
| 100 | _aMathew K M Ed. | ||
| 245 | 0 | _aManorama Yearbook 2007 | |
| 250 | _a1st | ||
| 260 |
_c2007 _bMalayala Man |
||
| 500 | _aYes | ||
| 650 |
_aYear Book _bGeneral |
||
| 942 | _cBK | ||
| 999 |
_c176296 _d176296 |
||